000 00583nam a2200169 i 4500
001 104748
003 ES-MaACL
005 20230906183658.0
007 t|
008 051212s1952 sp ||||1| spa d
100 1 _aMiralles Gaona, Claudio.
_981500
245 1 0 _aTemas eternos
_b: ensayos sobre libertad, autoridad, justicia, igualdad /
_cClaudio Miralles Gaona; [prólogo de Rafael López de Haro].
260 _aMadrid :
_b[s.n.],
_c1952 (
_fImp. I.G. Magerit)
300 _a162 p. ;
_c17 cm.
700 1 _aLópez de Haro, Rafael.
_973547
852 _aES-MaACL
_jD-8174
_bR.32993
999 _c104748
_d104748